01536nam a22002897a 45000010005000000030006000050050017000110080041000280200018000690400029000870500017001160820015001331000026001482450125001742500041002992600033003403000046003735050007004195200561004265210018009875210018010056500029010236500019010529420015010719990015010869520145011016691FISKH20250521095601.0250521b cb ||||| |||| 00| 0 eng d a9780060730550 aFISKHbengcFISKHdFISKH aGV199.S57 A3 a796.522092 aSimpson, Joed(1960-) aTouching the void :bThe true story of one man's miraculous survival /cJoe Simpson ; With a foreword by Chris Bonington aThis edition first published in 2004 aNew York :bPerennial,c2004 a218 pages :bcolor illustrations ;c21 cm aP  aThe 25th Anniversary ebook, now with more than 50 images. 'Touching the Void' is the tale of two mountaineer's harrowing ordeal in the Peruvian Andes. In the summer of 1985, two young, headstrong mountaineers set off to conquer an unclimbed route. They had triumphantly reached the summit, when a horrific accident mid-descent forced one friend to leave another for dead. Ambition, morality, fear and camaraderie are explored in this electronic edition of the mountaineering classic, with never before seen colour photographs taken during the trip itself. 8 a600 bLexile 8 aP bRaz-Plus  2MountaineeringaSurvival 2ClimbingaPeru 2ddccBKn0 c6691d6691 00102ddc40708JUVFa002b002cTTP Yellow d2025-05-21l0oSIM 796.522092 GV199.S57 A3pFISSE01344r2025-05-21 09:55:59t1w2025-05-21yBK